Nuclear physics : (Record no. 261)
[ view plain ]
| 000 -LEADER | |
|---|---|
| fixed length control field | 01232cam a22003134a 4500 |
| 001 - CONTROL NUMBER | |
| control field | 12369382 |
| 003 - CONTROL NUMBER IDENTIFIER | |
| control field | UOEML |
| 005 - DATE AND TIME OF LATEST TRANSACTION | |
| control field | 20190325095054.0 |
| 008 - FIXED-LENGTH DATA ELEMENTS--GENERAL INFORMATION | |
| fixed length control field | 010404s2001 enka b 001 0 eng |
| 010 ## - LIBRARY OF CONGRESS CONTROL NUMBER | |
| LC control number | 2001026200 |
| 020 ## - INTERNATIONAL STANDARD BOOK NUMBER | |
| International Standard Book Number | 0471979368 (paper : alk. paper) |
| International Standard Book Number | 047197935X (cased) |
| 040 ## - CATALOGING SOURCE | |
| Original cataloging agency | DLC |
| Transcribing agency | DLC |
| Modifying agency | DLC |
| 042 ## - AUTHENTICATION CODE | |
| Authentication code | pcc |
| 050 00 - LIBRARY OF CONGRESS CALL NUMBER | |
| Classification number | QC177 |
| Item number | .L67 2001 |
| 082 00 - DEWEY DECIMAL CLASSIFICATION NUMBER | |
| Classification number | 539.7 |
| Edition number | 21 |
| 100 1# - MAIN ENTRY--PERSONAL NAME | |
| Personal name | Lilley, J. S. |
| Fuller form of name | (John S.) |
| 245 10 - TITLE STATEMENT | |
| Title | Nuclear physics : |
| Remainder of title | principles and applications / |
| Statement of responsibility, etc. | J.S. Lilley. |
| 260 ## - PUBLICATION, DISTRIBUTION, ETC. (IMPRINT) | |
| Place of publication, distribution, etc. | Chichester ; |
| -- | New York : |
| Name of publisher, distributor, etc. | J. Wiley, |
| Date of publication, distribution, etc. | c2001. |
| 300 ## - PHYSICAL DESCRIPTION | |
| Extent | xvi, 393 p., [1] p. of col. plate : |
| Other physical details | ill. ; |
| Dimensions | 25 cm. |
| 440 #4 - SERIES STATEMENT/ADDED ENTRY--TITLE | |
| Title | The Manchester physics series |
| 504 ## - BIBLIOGRAPHY, ETC. NOTE | |
| Bibliography, etc | Includes bibliographical references (p. [379]-383) and index. |
| 650 #0 - SUBJECT ADDED ENTRY--TOPICAL TERM | |
| Topical term or geographic name as entry element | Nuclear physics. |
| 856 42 - ELECTRONIC LOCATION AND ACCESS | |
| Materials specified | Publisher description |
| Uniform Resource Identifier | <a href="http://www.loc.gov/catdir/description/wiley036/2001026200.html">http://www.loc.gov/catdir/description/wiley036/2001026200.html</a> |
| Materials specified | Table of Contents |
| Uniform Resource Identifier | <a href="http://www.loc.gov/catdir/toc/onix07/2001026200.html">http://www.loc.gov/catdir/toc/onix07/2001026200.html</a> |
| 906 ## - LOCAL DATA ELEMENT F, LDF (RLIN) | |
| a | 7 |
| b | cbc |
| c | orignew |
| d | 1 |
| e | ocip |
| f | 19 |
| g | y-gencatlg |
| 942 ## - ADDED ENTRY ELEMENTS (KOHA) | |
| Source of classification or shelving scheme | Library of Congress Classification |
| Koha item type | Short Loan for 1 day |
| Withdrawn status | Lost status | Source of classification or shelving scheme | Damaged status | Not for loan | Home library | Current library | Shelving location | Date acquired | Cost, normal purchase price | Total Checkouts | Full call number | Barcode | Date last seen | Date checked out | Copy number | Price effective from | Koha item type |
|---|---|---|---|---|---|---|---|---|---|---|---|---|---|---|---|---|---|
| Library of Congress Classification | UOE Main Library | UOE Main Library | Short Loan Area | 19/02/2014 | 4900.00 | 8 | QC177 .L67 2001 | 20138114 | 27/04/2026 | 13/11/2019 | 20138114 | 19/02/2014 | Short Loan for 1 day |
